| 000 | 00602nam a2200169Ia 4500 | ||
|---|---|---|---|
| 999 |
_c405 _d405 |
||
| 003 | OSt | ||
| 005 | 20210913101200.0 | ||
| 008 | 190216s9999||||xx |||||||||||||| ||und|| | ||
| 040 | _coclc | ||
| 082 |
_a297 _bALS/R |
||
| 100 |
_aAl Shafie, Abdulla Mohammed Ibnu Abdulla Rahiman Ad Dam Sheikh Al Uthmami _98837 |
||
| 245 | 0 |
_aRahmath Al Ummath Fi Ikhthilaf Al Ahimmath / _cAbdulla Mohammed Ibnu Abdulla Rahiman Ad Dam Sheikh Al Uthmami Al Shafi |
|
| 260 | _bAl Sheikh Khalifath Bin Hamad Al Thani, | ||
| 300 | _a444p | ||
| 650 | _aArabic | ||
| 942 |
_cBK _2ddc _h297 _iALS/R _k297 _mALS/R |
||